000
00315nam a22001457a 4500
008
210312b ||||| |||| 00| 0 eng d
020
_a
9780070039056
041
_a
eng
080
_2
5th
_a
541
082
_a
541
100
_a
12
101
_a
KIM
245
_a
Physical Chemistry
_c
Barrow, G. M
942
_2
udc
_c
BK
999
_c
56519
_d
56519